Public places - urban spaces (Registro nro. 307775)

Detalles MARC
000 -ENCABEZADO
Número de control [NR] 01485cam a2200349Mi 4500
001 - NÚMERO DE CONTROL
control field ocn889178868
005 - FECHA Y HORA DE LA ÚLTIMA TRANSACCIÓN
control field 20171107074813.0
008 - DE LONGITUD FIJA DE DATOS DE ELEMENTOS - INFORMACIÓN GENERAL
Elementos de longitud fija [NR] 171107s2010 enkab b 001 0 eng d
016 7# - NUMERO DE CONTROL DE AGENCIA BIBLIOGRAFICA NACIONAL [R]
Número de control [NR] 015506141
020 ## - NUMERO INTERNACIONAL NORMALIZADO PARA LIBROS [R]
Número Internacional Normalizado del libro [NR] 9781856178273
020 ## - NUMERO INTERNACIONAL NORMALIZADO PARA LIBROS [R]
Número Internacional Normalizado del libro [NR] 1856178277
035 ## - NUMERO DE CONTROL DEL SISTEMA [R]
Número de control del sistema [NR] (OCoLC)889178868
040 ## - FUENTE DE CATALOGACION [NR]
Agencia de catalogación original [NR] Co-BoUCM
Idioma de catalogación [NR] spa
Quien Cataloga Saul Niño
Quien Clasifica Saul Niño
041 0# - CODIGO DE IDIOMA [R]
Código de idioma para texto/pista de sonido o título separado [R] Español
050 #4 - SIGNATURA TOPOGRAFICA DE LA BIBLIOTECA DEL CONGRESO (LC) [R]
Número clasificador [R] HT166
Número del ítem [NR] .P817 2010
245 00 - MENCION DE TITULO [NR]
Título [NR] Public places - urban spaces
Parte restante del título [NR] the dimensions of urban design
Mención de responsabilidad, etc. [NR] Mathew Carmona, Steve Tiesdell, Tim Heath, Taner Oc
250 ## - MENCION DE EDICION [NR]
Mención de edición [NR] Segunda edición
260 ## - PUBLICACION, DISTRIBUCION, ETC. (PIE DE IMPRENTA) [R]
Lugar de publicación, distribución, etc. [R] London
Nombre del editor, distribuidor, etc. [R] Routledge
Fecha de publicación, distribución, etc. [R] 2010
300 ## - DESCRIPCION FISICA [R]
Extensión [R] ix, 394 páginas
Otros detalles físicos [NR] ilustraciones, fotografías
505 0# - NOTA DE CONTENIDO CON FORMATO PREESTABLECIDO [R]
Nota de contenido con formato preestablecido [NR] Urban design today -- Urban change -- Contexts for urban design -- The morphological dimension -- The perceptual dimension -- The social dimension -- The visual dimension -- The functional dimension -- The temporal dimension -- The development process -- The control process -- The communication process -- Holistic urban design.
546 ## - NOTA DE IDIOMA [R]
Nota de idioma [NR] Texto en inglés
650 #7 - ASIENTO SECUNDARIO DE MATERIA - TERMINO TEMATICO [R]
Término temático o nombre geográfico como elemento de entrada [NR] Arquitectura del paisaje
9 (RLIN) 9399
Subdivisión general [R] Diseño
650 #7 - ASIENTO SECUNDARIO DE MATERIA - TERMINO TEMATICO [R]
Término temático o nombre geográfico como elemento de entrada [NR] Arquitectura
9 (RLIN) 7290
650 #7 - ASIENTO SECUNDARIO DE MATERIA - TERMINO TEMATICO [R]
Término temático o nombre geográfico como elemento de entrada [NR] Arquitectura del paisaje urbano
9 (RLIN) 9400
650 #7 - ASIENTO SECUNDARIO DE MATERIA - TERMINO TEMATICO [R]
Término temático o nombre geográfico como elemento de entrada [NR] Planeación de la ciudad
9 (RLIN) 21617
700 1# - ASIENTO SECUNDARIO - NOMBRE PERSONAL [R]
Nombre personal [NR] Carmona, Matthew
9 (RLIN) 88536
700 1# - ASIENTO SECUNDARIO - NOMBRE PERSONAL [R]
Nombre personal [NR] Tiesdell, Steven
9 (RLIN) 88537
700 1# - ASIENTO SECUNDARIO - NOMBRE PERSONAL [R]
Nombre personal [NR] Heath, Tim
9 (RLIN) 88538
700 1# - ASIENTO SECUNDARIO - NOMBRE PERSONAL [R]
Nombre personal [NR] Oc, Taner
Fechas asociadas con el nombre [NR] 1944-
9 (RLIN) 88539
942 ## - ELEMENTOS DE ENTRADA AGREGADOS (KOHA)
Sistema de clasificación DEWEY
Tema principal Arte
Tipo de ítem principal el descrito en 300a Libro de reserva
Edición 1
Clasificación 711.4
Parte restante de la signatura top. P976u
Existencias
Signatura topográfica Código de barras Última vez visto Ejemplar Costo de reposición Price effective from Tipo de ítem Perdido Sistema de clasificación Dañado No prestable Tipo de ítem específico Suprimido Ubicación habitual Ubicación actual Localización Fecha de creación Proveedor Forma de adquisición Costo Fecha de último préstamo Total préstamos Total Renewals
711.4 P976u 100154700 06/12/2025 Ej.1 201000.00 01/11/2017 Libro   DEWEY     Libro   Claustro Claustro 2do piso 01/11/2017 111 Compra 201000.00      
711.4 P976u 100154923 06/12/2025 Ej.2 201000.00 01/11/2017 Libro   DEWEY     Libro   Claustro Claustro 2do piso 01/11/2017 111 Compra 201000.00 20/03/2019 3 1